000 00258nam a2200109Ia 4500
999 _c8206
_d8206
020 _a978-8183330084
100 _aIvan Bayross
245 0 _aWeb Enabled Commercial Applications Development Using HTML
260 _aUK
_bBPB
_c1980
300 _a530
942 _cBK